| 000 | 00548nam a2200157 a 4500 | ||
|---|---|---|---|
| 001 | 000029566 | ||
| 005 | 20251120073733.0 | ||
| 008 | 110418s1999 dr a 000 0 spa d | ||
| 040 |
_aDO-SdBNP _bspa _cBNPHU |
||
| 245 | 0 | 0 |
_aOrientaciones para la democrácia : _borientaciones pedagógicas / _cGladys Graciela García Romero. |
| 260 |
_a[Santo Domingo] : _bPUCAMM, _c1999. |
||
| 300 |
_a59 p. : _bil. ; _c28 cm. |
||
| 700 | 1 |
_aGarcía Romero, Gladys Graciela _917396 |
|
| 049 | _aBNPD | ||
| 710 | 2 |
_aPontificia Universidad Católica Madre y Maestra _9843 |
|
| 999 |
_c29058 _d29058 |
||